Normal view
MARC view
- Functions, Orthogonal
Entry Topical Term
001 - CONTROL NUMBER
- control field: 103079
003 - CONTROL NUMBER IDENTIFIER
- control field: NUST
005 - DATE AND TIME OF LATEST TRANSACTION
- control field: 20221118145835.0
008 - FIXED-LENGTH DATA ELEMENTS
- fixed length control field: 221118|| aca||aabn | a|a d
040 ## - CATALOGING SOURCE
- Original cataloging agency: NUST
- Transcribing agency: NUST
150 ## - HEADING--TOPICAL TERM
- Topical term or geographic name entry element: Functions, Orthogonal
670 ## - SOURCE DATA FOUND
- Source citation: Work cat.: (NUST)189428: Brown, James Ward. 8852, Fourier series and boundary value problems /, 2012.
